Nezamestnanosť na Slovensku v čase hospodárskej krízy
Nárast nezamestnanosti.
Na minha lista:
| Autor principal: | |
|---|---|
| Formato: | Capítulo de Livro |
| Idioma: | eslovaco |
| Assuntos: | |
| Tags: |
Sem tags, seja o primeiro a adicionar uma tag!
|
MARC
| LEADER | 00000naa a2200000 4500 | ||
|---|---|---|---|
| 001 | 0159603 | ||
| 005 | 20240507082046.8 | ||
| 041 | 0 | |a slo | |
| 044 | |a SK | ||
| 245 | 1 | 0 | |a Nezamestnanosť na Slovensku v čase hospodárskej krízy |c Miriama Vašková |
| 520 | |a Nárast nezamestnanosti. | ||
| 610 | 2 | 0 | |a kríza hospodárska |
| 610 | 2 | 0 | |a nezamestnanosť |
| 610 | 2 | 0 | |a Slovensko |
| 100 | 1 | |a Vašková, Miriama | |